[Event "4NCL/Div3/NKN1 vs. BRI2"]
[Site "West Bromwich ENG"]
[Date "2002.11.09"]
[Round "1.3"]
[White "Rees, Ioan"]
[Black "Dilleigh, Stephen P"]
[Result "1/2-1/2"]
[WhiteElo "2071"]
[BlackElo "2164"]
[PlyCount "59"]
[EventDate "2002.11.09"]

1. Nf3 Nf6 2. c4 g6 3. Nc3 Bg7 4. e4 d6 5. d4 O-O 6. Be2 e5 7. O-O Nc6 8. d5
Ne7 9. b4 a5 10. Ba3 axb4 11. Bxb4 Nd7 12. a4 Bh6 13. Nd2 f5 14. Bd3 Kh8 15.
Nb3 Nf6 16. c5 fxe4 17. cxd6 cxd6 18. Nxe4 Nxe4 19. Bxe4 Ng8 20. Bd2 Bd7 21.
Bxh6 Nxh6 22. Nd2 Ng4 23. h3 Nf6 24. Qb3 Qe8 25. Rfc1 Rxa4 26. Rxa4 Bxa4 27.
Qxb7 Qb8 28. Qe7 Qd8 29. Qb7 Qb8 30. Qe7 1/2-1/2

[Event "4NCL/Div3/NKN1 vs. BRI2"]
[Site "West Bromwich ENG"]
[Date "2002.11.09"]
[Round "1.4"]
[White "Curtis, John"]
[Black "Price, Chris"]
[Result "1/2-1/2"]
[WhiteElo "2048"]
[BlackElo "2137"]
[PlyCount "40"]
[EventDate "2002.11.09"]

1. d4 Nf6 2. Nf3 e6 3. e3 c5 4. Bd3 d6 5. O-O Nbd7 6. c3 b6 7. e4 Bb7 8. Re1
Be7 9. Nbd2 O-O 10. e5 dxe5 11. dxe5 Ng4 12. Qc2 g6 13. Be4 Bxe4 14. Qxe4 Nh6
15. Nc4 Nf5 16. Rd1 b5 17. Qb7 bxc4 18. Rxd7 Qe8 19. g4 Rb8 20. Qxa7 Ra8
1/2-1/2

[Event "4NCL/Div3/NKN1 vs. BRI2"]
[Site "West Bromwich ENG"]
[Date "2002.11.09"]
[Round "1.5"]
[White "Gandy, Andrew"]
[Black "Easton, Alex"]
[Result "0-1"]
[WhiteElo "2097"]
[BlackElo "2123"]
[PlyCount "94"]
[EventDate "2002.11.09"]

1. d4 Nf6 2. Nf3 g6 3. Nc3 d5 4. Bf4 Bg7 5. e3 c6 6. Be2 Bg4 7. Ne5 Bxe2 8.
Qxe2 O-O 9. h4 Nfd7 10. Ng4 f5 11. Nh6+ Kh8 12. h5 e5 13. dxe5 g5 14. Nxf5 Rxf5
15. Qg4 Rxe5 16. h6 Bf6 17. Bxe5 Nxe5 18. Qf5 Nbd7 19. Ne2 Qe7 20. c3 Rf8 21.
Qc2 Nc5 22. O-O-O Nc4 23. Nd4 Qe4 24. Qxe4 Nxe4 25. Rhf1 Kg8 26. b3 Ncd6 27.
Kc2 Re8 28. g4 Bxd4 29. Rxd4 Nb5 30. Rd3 Nf6 31. Rg1 Kf7 32. a4 Nc7 33. f4 Ne4
34. Rdd1 Kg6 35. Rdf1 Kxh6 36. fxg5+ Nxg5 37. Kd3 Kg6 38. Rg2 Nce6 39. b4 Rf8
40. Rh1 a6 41. Rgh2 Rf3 42. Rh6+ Kg7 43. Ke2 Rg3 44. R6h4 Rg2+ 45. Kd3 Kf6 46.
Rf1+ Ke7 47. Rf5 Ne4 0-1

[Event "4NCL/Div3/NKN1 vs. BRI2"]
[Site "West Bromwich ENG"]
[Date "2002.11.09"]
[Round "1.7"]
[White "Burenkov, Slava"]
[Black "Chaplin, Peter"]
[Result "1/2-1/2"]
[WhiteElo "1972"]
[BlackElo "2060"]
[PlyCount "81"]
[EventDate "2002.11.09"]

1. b3 e5 2. Bb2 d6 3. c4 f5 4. d4 e4 5. e3 Nf6 6. h4 Be7 7. g3 c6 8. Nh3 Na6 9.
Nf4 O-O 10. Be2 Nc7 11. d5 c5 12. O-O Bd7 13. Nc3 a6 14. a3 Be8 15. b4 b6 16.
bxc5 bxc5 17. Rb1 Bf7 18. Ba1 Nd7 19. Rb7 Rb8 20. Rxb8 Qxb8 21. Qb1 Bf6 22. Qc2
Qa7 23. Na4 Bxa1 24. Rxa1 Rb8 25. Rb1 Ne5 26. Rb3 Be8 27. Qb1 Rxb3 28. Qxb3
Bxa4 29. Qxa4 Qb6 30. Kg2 Kf7 31. g4 g6 32. gxf5 gxf5 33. Bh5+ Kf6 34. Ne6 Nxe6
35. Qe8 Nd8 36. Qh8+ Ke7 37. Qe8+ Kf6 38. Qh8+ Ke7 39. Qe8+ Kf6 40. Qh8+ Ke7
41. Qe8+ 1/2-1/2

[Event "4NCL/Div3/NKN1 vs. BRI2"]
[Site "West Bromwich ENG"]
[Date "2002.11.09"]
[Round "1.8"]
[White "Headlong, Fenella"]
[Black "Hammond, Rhiannon"]
[Result "1-0"]
[WhiteElo "1672"]
[BlackElo "1676"]
[PlyCount "49"]
[EventDate "2002.11.09"]

1. e4 c5 2. c3 g6 3. Nf3 Bg7 4. d4 cxd4 5. cxd4 d5 6. e5 Nc6 7. h3 Nh6 8. Be2
O-O 9. Nc3 e6 10. g4 Kh8 11. Be3 Ng8 12. h4 Nge7 13. h5 Kg8 14. hxg6 fxg6 15.
Qd2 Bh8 16. Ng5 Nxe5 17. dxe5 Bxe5 18. Nxh7 Rf7 19. Ng5 Rf8 20. Bd4 Nc6 21.
Bxe5 Nxe5 22. f4 Nc6 23. O-O-O Qc7 24. Rh6 Qxf4 25. Rxg6+ 1-0

[Event "4NCL/Div3/WRO2 vs. 3CS2"]
[Site "West Bromwich ENG"]
[Date "2002.11.09"]
[Round "1.2"]
[White "Taylor, Robert M"]
[Black "Burnett, Jim"]
[Result "1/2-1/2"]
[WhiteElo "2165"]
[BlackElo "2187"]
[PlyCount "50"]
[EventDate "2002.11.09"]

1. e4 d5 2. exd5 Qxd5 3. Nf3 Nf6 4. d4 Bg4 5. Be2 e6 6. O-O Be7 7. Be3 O-O 8.
h3 Bh5 9. c4 Qd8 10. Qb3 Qc8 11. g4 Bg6 12. Ne5 Nbd7 13. Nxg6 hxg6 14. Bf3 c6
15. Bf4 Bd8 16. Nc3 Bc7 17. Be3 Re8 18. Rfd1 e5 19. d5 Bb6 20. dxc6 bxc6 21. g5
Bxe3 22. fxe3 Nc5 23. Qa3 Qxh3 24. Qxc5 Qxf3 25. gxf6 Qg3+ 1/2-1/2

[Event "4NCL/Div3/WRO2 vs. 3CS2"]
[Site "West Bromwich ENG"]
[Date "2002.11.09"]
[Round "1.3"]
[White "van Kemenade, Rudy"]
[Black "Longson, Alexander"]
[Result "0-1"]
[WhiteElo "2140"]
[BlackElo "2202"]
[PlyCount "84"]
[EventDate "2002.11.09"]

1. e4 c5 2. Nf3 d6 3. Bb5+ Bd7 4. Bxd7+ Qxd7 5. O-O Nc6 6. c3 Nf6 7. d4 Nxe4 8.
d5 Ne5 9. Re1 Nxf3+ 10. Qxf3 Nf6 11. c4 e5 12. dxe6 fxe6 13. Bg5 Be7 14. Nc3 h6
15. Bxf6 O-O 16. Qh3 Bxf6 17. Qxe6+ Qxe6 18. Rxe6 Rae8 19. Rae1 Kf7 20. Rxe8
Rxe8 21. Rxe8 Kxe8 22. Nd1 Kd7 23. b3 Bd4 24. Kf1 {=} Kc6 25. Ke2 d5 26. cxd5+
Kxd5 27. Ne3+ Bxe3 28. Kxe3 c4 29. bxc4+ Kxc4 30. Ke4 b5 31. Kf5 b4 32. Kg6 a5
33. Kxg7 a4 34. Kxh6 b3 35. axb3+ axb3 36. h4 b2 37. g4 b1=Q 38. g5 Kd5 39. g6
Ke6 40. h5 Kf6 41. f4 Qb7 42. f5 Qg7# 0-1

[Event "4NCL/Div3/WRO2 vs. 3CS2"]
[Site "West Bromwich ENG"]
[Date "2002.11.09"]
[Round "1.4"]
[White "Shaw, David A"]
[Black "Lim, Chin-Lee"]
[Result "1-0"]
[WhiteElo "2196"]
[BlackElo "2060"]
[PlyCount "69"]
[EventDate "2002.11.09"]

1. e4 e6 2. d4 d5 3. Nc3 Bb4 4. e5 c5 5. a3 Bxc3+ 6. bxc3 Qa5 7. Bd2 Qa4 8. Nf3
Nc6 9. Be3 c4 10. Nh4 Nge7 11. g4 Bd7 12. Bg2 Qa5 13. Bd2 O-O-O 14. f4 Ng6 15.
Nxg6 hxg6 16. O-O f6 17. Qe2 Rdf8 18. exf6 gxf6 19. h3 Re8 20. Be1 e5 21. fxe5
fxe5 22. dxe5 Rxe5 23. Qf3 Rhe8 24. Kh2 Re2 25. Bg3 d4 26. cxd4 Qd2 27. Rfd1
Qxc2 28. Re1 R8e3 29. Rxe2 Qxe2 30. Qf4 Kd8 31. Qf6+ Ne7 32. d5 Be8 33. Re1 Qd2
34. Rxe3 Qxe3 35. d6 1-0

[Event "4NCL/Div3/WRO2 vs. 3CS2"]
[Site "West Bromwich ENG"]
[Date "2002.11.09"]
[Round "1.5"]
[White "Shaw, Peter"]
[Black "Walton, Alan J"]
[Result "1/2-1/2"]
[WhiteElo "1984"]
[BlackElo "2144"]
[PlyCount "48"]
[EventDate "2002.11.09"]

1. d4 e6 2. Nf3 f5 3. c4 Nf6 4. g3 Be7 5. Bg2 O-O 6. O-O d6 7. Nc3 Ne4 8. Qc2
Nxc3 9. Qxc3 Bf6 10. Qc2 e5 11. dxe5 dxe5 12. e4 fxe4 13. Qxe4 Nc6 14. Bd2 g6
15. Bc3 Bf5 16. Qd5+ Qxd5 17. cxd5 Nd4 18. Rad1 Ne2+ 19. Kh1 Nxc3 20. bxc3 Rad8
21. c4 Rd6 22. Rfe1 Re8 23. Nd4 Bd7 24. Nb3 Ba4 1/2-1/2

[Event "4NCL/Div3/WRO2 vs. 3CS2"]
[Site "West Bromwich ENG"]
[Date "2002.11.09"]
[Round "1.6"]
[White "Whitworth, Philip"]
[Black "Keeling, Geoff"]
[Result "1-0"]
[WhiteElo "1944"]
[BlackElo "2013"]
[PlyCount "61"]
[EventDate "2002.11.09"]

1. f4 d5 2. Nf3 Bg4 3. e3 Qd6 4. Be2 Bxf3 5. Bxf3 e5 6. fxe5 Qxe5 7. O-O Bd6 8.
g3 Nf6 9. d4 Qe6 10. c4 c6 11. Nc3 Nbd7 12. cxd5 cxd5 13. e4 dxe4 14. Nxe4 Nxe4
15. Bxe4 Nf6 16. Bxb7 O-O 17. Bxa8 Rxa8 18. Qf3 Rc8 19. Bf4 Bf8 20. Rfe1 Qb6
21. Be5 Ne8 22. Qb3 Qg6 23. Rac1 Rxc1 24. Rxc1 Qe4 25. Rf1 Nf6 26. Qf3 Qxf3 27.
Rxf3 Nd5 28. Rb3 f6 29. Bb8 a6 30. Ba7 Kf7 31. Bc5 1-0

[Event "4NCL/Div3/WRO2 vs. 3CS2"]
[Site "West Bromwich ENG"]
[Date "2002.11.09"]
[Round "1.7"]
[White "Keeling, Karen"]
[Black "Plant, Paul"]
[Result "0-1"]
[WhiteElo "1800"]
[BlackElo "2024"]
[PlyCount "96"]
[EventDate "2002.11.09"]

1. c4 Nf6 2. g3 g6 3. Bg2 Bg7 4. Nc3 O-O 5. d3 d6 6. Bg5 Nbd7 7. Qd2 Re8 8. e4
e5 9. Nge2 a5 10. O-O Nc5 11. h3 Bd7 12. Nd5 c6 13. Nxf6+ Bxf6 14. Bxf6 Qxf6
15. f4 exf4 16. Rxf4 Qg5 17. Qc2 Ne6 18. Rf2 Qe3 19. Raf1 Nc5 20. Kh2 Qxd3 21.
Qxd3 Nxd3 22. Rxf7 Ne5 23. R7f6 Nxc4 24. Rc1 Kg7 25. Rf2 Nxb2 26. Nf4 Na4 27.
Rd2 Kf7 28. Rxd6 Ke7 29. Rd4 b5 30. e5 Red8 31. Rd6 Rac8 32. a3 Nb6 33. Bf1 g5
34. Nd3 Bf5 35. Nc5 Rxd6 36. exd6+ Kxd6 37. Nb7+ Kd7 38. Nxa5 Be6 39. Nb7 Na4
40. g4 Bd5 41. Bd3 Rb8 42. Nc5+ Nxc5 43. Rxc5 Kd6 44. Rc3 h6 45. Kg3 Re8 46.
Bf5 Re2 47. h4 Rb2 48. Re3 Rb3 0-1

[Event "4NCL/Div3/WRO2 vs. 3CS2"]
[Site "West Bromwich ENG"]
[Date "2002.11.09"]
[Round "1.8"]
[White "Martin, Katie A"]
[Black "van Kemenade, Julie"]
[Result "1-0"]
[WhiteElo "1584"]
[BlackElo "1664"]
[PlyCount "35"]
[EventDate "2002.11.09"]

1. e4 d6 2. d4 g6 3. Be3 Nf6 4. Nc3 Bg7 5. f3 Nbd7 6. Bc4 c6 7. Bb3 b5 8. a3
O-O 9. Nge2 a5 10. O-O Ba6 11. Re1 Qc7 12. Nf4 Rfd8 13. Qd2 c5 14. Ncd5 Nxd5
15. Nxd5 Qa7 16. Nxe7+ Kf8 17. Nc6 Qb6 18. Nxd8 1-0

[Event "4NCL/Div3/MKE vs. MIN"]
[Site "West Bromwich ENG"]
[Date "2002.11.09"]
[Round "1.1"]
[White "Macdonald-Ross, Michael"]
[Black "Moss, Robin"]
[Result "1/2-1/2"]
[WhiteElo "2169"]
[BlackElo "2271"]
[PlyCount "99"]
[EventDate "2002.11.09"]

1. d4 Nf6 2. Nf3 g6 3. Nc3 d6 4. e4 Bg7 5. Be3 c6 6. Qd2 Ng4 7. Bg5 h6 8. Bh4
b5 9. Bd3 g5 10. h3 gxh4 11. hxg4 Bxg4 12. Nxh4 Bxd4 13. Be2 Bxe2 14. Qxd4 e5
15. Qd2 Bg4 16. f3 Be6 17. Rd1 Na6 18. Qxd6 Qxd6 19. Rxd6 Nb4 20. Kd1 Ke7 21.
Rd2 Kf6 22. a3 Na6 23. Kc1 Rad8 24. Rhd1 Rxd2 25. Rxd2 h5 26. Rd6 Nb8 27. Nd1
Ke7 28. Rd2 Rd8 29. Rf2 Nd7 30. Ne3 Nc5 31. g3 Rd7 32. Rh2 Kf6 33. Nhf5 Bxf5
34. Nxf5 Kg6 35. Rd2 Kf6 36. Rxd7 Nxd7 37. Kd2 Nb6 38. Ne3 Kg5 39. Nf5 Kf6 40.
b3 a5 41. Nd6 Ke7 42. Nb7 a4 43. Kc3 axb3 44. cxb3 Kd7 45. Kb4 Kc7 46. Nc5 Nc8
47. a4 bxa4 48. bxa4 Nd6 49. a5 f5 50. Ne6+ 1/2-1/2

[Event "4NCL/Div3/MKE vs. MIN"]
[Site "West Bromwich ENG"]
[Date "2002.11.09"]
[Round "1.2"]
[White "Stirling, William J"]
[Black "Freeman, Richard CP"]
[Result "1/2-1/2"]
[WhiteElo "2174"]
[BlackElo "2066"]
[PlyCount "47"]
[EventDate "2002.11.09"]

1. Nf3 g6 2. c4 Bg7 3. d4 d6 4. Nc3 e5 5. dxe5 dxe5 6. Qxd8+ Kxd8 7. Bd2 c6 8.
O-O-O Kc7 9. Ne4 Bf5 10. Nd6 Nh6 11. Bxh6 Bxh6+ 12. e3 Bg7 13. Nxf5 gxf5 14.
Nh4 f4 15. e4 Na6 16. Nf5 Bf6 17. f3 Rad8 {=} 18. Be2 Nc5 19. g3 Ne6 20. Kc2
Rxd1 21. Rxd1 Rd8 22. Rxd8 Bxd8 23. b3 Kd7 24. gxf4 1/2-1/2

[Event "4NCL/Div3/MKE vs. MIN"]
[Site "West Bromwich ENG"]
[Date "2002.11.09"]
[Round "1.3"]
[White "Elwin, Adrian G"]
[Black "Parker, Robert"]
[Result "1-0"]
[WhiteElo "2031"]
[BlackElo "2115"]
[PlyCount "87"]
[EventDate "2002.11.09"]

1. Nf3 Nf6 2. c4 d6 3. d4 g6 4. Nc3 Bg7 5. e4 O-O 6. Be2 e5 7. dxe5 dxe5 8.
Qxd8 Rxd8 9. Bg5 Re8 10. O-O-O c6 11. Nxe5 Nxe4 12. Nxe4 Bxe5 13. f4 f5 14.
fxe5 fxe4 15. Rhf1 Nd7 16. e6 Ne5 17. e7 Bf5 18. Rd8 Kg7 19. g4 Nf7 20. gxf5
Nxg5 21. Rxa8 Rxa8 22. f6+ Kf7 23. c5 b5 24. cxb6 axb6 25. Rd1 Ne6 26. Bc4 Kxf6
27. Rd6 Kxe7 28. Rxe6+ Kd7 29. Rxe4 Rf8 30. Kd2 Rf2+ 31. Re2 Rf4 32. Bd3 Kd6
33. Ke3 Ke5 34. Rg2 Rh4 35. Be2 Re4+ 36. Kd3 Rd4+ 37. Kc3 Rh4 38. Bg4 Kd6 39.
h3 Kc5 40. Rd2 h5 41. b4+ Kb5 42. Be2+ Ka4 43. Rd8 Rxh3+ 44. Bd3 1-0

[Event "4NCL/Div3/MKE vs. MIN"]
[Site "West Bromwich ENG"]
[Date "2002.11.09"]
[Round "1.4"]
[White "Kafka, Graeme"]
[Black "Kendall, Paul SW"]
[Result "1-0"]
[WhiteElo "2108"]
[BlackElo "1928"]
[PlyCount "67"]
[EventDate "2002.11.09"]

1. e4 e5 2. Nf3 Nc6 3. Bb5 a6 4. Bxc6 dxc6 5. O-O Bg4 6. h3 h5 7. d3 Qf6 8.
Nbd2 Bc5 9. Nc4 Bxf3 10. Qxf3 Ne7 11. Qxf6 gxf6 12. Be3 Bd6 13. f4 Ng6 14. fxe5
fxe5 15. Nxd6+ cxd6 16. Bg5 Rg8 17. Rf5 Nf8 18. Raf1 Ne6 19. Be3 Rg3 20. R1f3
Rxf3 21. gxf3 Ke7 22. Rxh5 Rg8+ 23. Kf2 Nf4 24. Bxf4 exf4 25. Rf5 Rg3 26. h4
Rh3 27. Rxf4 Rh2+ 28. Kg3 Rxc2 29. h5 Rc1 30. h6 Kf8 31. h7 Rh1 32. Rh4 Rxh4
33. Kxh4 Kg7 34. Kg5 1-0

[Event "4NCL/Div3/MKE vs. MIN"]
[Site "West Bromwich ENG"]
[Date "2002.11.09"]
[Round "1.5"]
[White "Valentine, Brian J"]
[Black "Hawkins, J Nick"]
[Result "1/2-1/2"]
[WhiteElo "1952"]
[BlackElo "2067"]
[PlyCount "30"]
[EventDate "2002.11.09"]

1. e4 e5 2. Nc3 Nf6 3. f4 d5 4. fxe5 Nxe4 5. d3 Bb4 6. dxe4 Qh4+ 7. Ke2 Bg4+ 8.
Nf3 Bxc3 9. bxc3 dxe4 10. Qd4 Bh5 11. Ke3 Bxf3 12. gxf3 Qe1+ 13. Kf4 Qh4+ 14.
Ke3 Qe1+ 15. Kf4 Qh4+ 1/2-1/2

[Event "4NCL/Div3/MKE vs. MIN"]
[Site "West Bromwich ENG"]
[Date "2002.11.09"]
[Round "1.6"]
[White "Hardman, Michael J"]
[Black "Thomas, Phillip"]
[Result "1/2-1/2"]
[WhiteElo "2135"]
[BlackElo "1912"]
[PlyCount "31"]
[EventDate "2002.11.09"]

1. d4 d5 2. Nf3 Nf6 3. g3 e6 4. Bg2 Bd6 5. O-O Nbd7 6. c4 c6 7. cxd5 exd5 8.
Nc3 O-O 9. a3 Re8 10. e3 Nf8 11. b4 a6 12. Qb3 Ng6 13. a4 Bf5 14. Rd1 Ne4 15.
Ba3 Qf6 16. Nxe4 1/2-1/2

[Event "4NCL/Div3/MKE vs. MIN"]
[Site "West Bromwich ENG"]
[Date "2002.11.09"]
[Round "1.7"]
[White "Williamson, Kevin J"]
[Black "Broomfield, Lucy"]
[Result "1/2-1/2"]
[WhiteElo "1912"]
[BlackElo "2019"]
[PlyCount "95"]
[EventDate "2002.11.09"]

1. d4 d5 2. Nf3 Nf6 3. e3 e6 4. Bd3 c5 5. c3 Nc6 6. Nbd2 Bd6 7. O-O c4 8. Bc2
O-O 9. e4 dxe4 10. Nxe4 Nxe4 11. Bxe4 Bd7 12. Re1 h6 13. d5 exd5 14. Bxd5 Qc7
15. Bxc4 Ne5 16. Bd5 Nxf3+ 17. Qxf3 Bxh2+ 18. Kh1 Bd6 19. Be3 Bc6 20. Bxc6 Qxc6
{=} 21. Qxc6 bxc6 22. Rad1 Bc7 23. Rd7 Bb6 24. Rd6 Rfc8 25. g4 Rab8 26. Bxb6
axb6 27. Re7 Ra8 28. a3 Ra4 29. f3 h5 30. gxh5 Rh4+ 31. Kg2 Rxh5 32. a4 Ra5 33.
Rdd7 Rf8 34. b3 b5 35. axb5 Rxb5 36. b4 c5 37. Re5 Rfb8 38. bxc5 f6 39. Ree7
Rxc5 40. Rxg7+ Kh8 41. Rc7 Rxc3 42. Rh7+ Kg8 43. Rcg7+ Kf8 44. Rg6 Rb6 45. Kg3
Rc1 46. Rgh6 Rg1+ 47. Kf4 Rg7 48. Rh8+ 1/2-1/2

[Event "4NCL/Div3/MKE vs. MIN"]
[Site "West Bromwich ENG"]
[Date "2002.11.09"]
[Round "1.8"]
[White "Hegarty, Sarah N"]
[Black "Wilcox, Charlotte"]
[Result "1-0"]
[WhiteElo "1712"]
[BlackElo "1528"]
[PlyCount "101"]
[EventDate "2002.11.09"]

1. e4 c6 2. c3 d5 3. exd5 cxd5 4. d4 Bf5 5. Nf3 Nc6 6. Bb5 e6 7. Ne5 Rc8 8. g4
Be4 9. f3 Bg6 10. h4 f6 11. Nxg6 hxg6 12. Qe2 Qd6 13. Be3 Be7 14. f4 f5 15. g5
a6 16. Ba4 Bd8 17. Nd2 Nge7 18. Nf3 Kf7 19. Ne5+ Nxe5 20. dxe5 Qc7 21. Bb3 b5
22. Kf2 Qb7 23. h5 gxh5 24. Rxh5 Bb6 25. Rah1 Ng6 26. Kg3 Bxe3 27. Qxe3 Rxh5
28. Rxh5 Rh8 29. Bd1 Qc7 30. Rxh8 Nxh8 31. a4 Ng6 32. axb5 axb5 33. Be2 Qa5 34.
Qc5 Qa4 35. Qb4 Qa1 36. Kf2 Qh1 37. Ke3 Qg1+ 38. Kd2 Qf2 39. Qd4 Qxd4+ 40. cxd4
Nxf4 41. Bxb5 Nh3 42. g6+ Kxg6 43. Be8+ Kh6 44. Bd7 Nf4 45. b4 g5 46. b5 g4 47.
b6 g3 48. Ke3 Kh5 49. b7 Kg4 50. b8=Q g2 51. Qg8+ 1-0

[Event "4NCL/Div3/NWE2 vs. SLO2"]
[Site "West Bromwich ENG"]
[Date "2002.11.09"]
[Round "1.1"]
[White "Kennaugh, Charles W"]
[Black "Redpath, Joe"]
[Result "1/2-1/2"]
[WhiteElo "2290"]
[BlackElo "2181"]
[PlyCount "42"]
[EventDate "2002.11.09"]

1. e4 d6 2. Nc3 Nf6 3. d4 c6 4. g3 Nbd7 5. Bg2 e5 6. Nge2 Be7 7. O-O b5 8. d5
cxd5 9. Nxd5 Nxd5 10. Qxd5 Rb8 11. Be3 Qc7 12. Rac1 O-O 13. c4 Nf6 14. Qd2 bxc4
15. b3 Ba6 16. Rfd1 Qb7 17. bxc4 Rfc8 18. Nc3 Bxc4 19. Bg5 Be6 20. Bxf6 Bxf6
21. Qxd6 Rd8 1/2-1/2

[Event "4NCL/Div3/NWE2 vs. SLO2"]
[Site "West Bromwich ENG"]
[Date "2002.11.09"]
[Round "1.2"]
[White "Richmond, Robert J"]
[Black "Carleton, John J"]
[Result "0-1"]
[WhiteElo "2219"]
[BlackElo "2266"]
[PlyCount "60"]
[EventDate "2002.11.09"]

1. d4 d5 2. c4 e6 3. Nc3 Bb4 4. e3 Nf6 5. Nge2 O-O 6. a3 Be7 7. Nf4 a5 8. Bd2
c6 9. Rc1 Nbd7 10. cxd5 exd5 11. Bd3 Re8 12. O-O Nf8 13. Na4 Bd6 14. Qb3 Ne4
15. Bxe4 Rxe4 16. Nb6 a4 17. Nxa4 Bxf4 18. f3 Bxe3+ 19. Bxe3 Rxe3 20. Qxe3 Rxa4
21. b4 Be6 22. f4 Bf5 23. b5 cxb5 24. Rc5 Qd7 25. Qe5 Be4 26. f5 Rc4 27. g4 h6
28. Rc1 Qd8 29. Rc7 Rxc1+ 30. Rxc1 Qg5 0-1

[Event "4NCL/Div3/NWE2 vs. SLO2"]
[Site "West Bromwich ENG"]
[Date "2002.11.09"]
[Round "1.3"]
[White "Lund, D Brett"]
[Black "Williams, Samuel G"]
[Result "1-0"]
[WhiteElo "2255"]
[BlackElo "2161"]
[PlyCount "129"]
[EventDate "2002.11.09"]

1. c4 d6 2. g3 e5 3. Bg2 f5 4. Nc3 Nf6 5. d3 Be7 6. e4 c6 7. Nge2 O-O 8. h3 Qe8
9. exf5 Bxf5 10. d4 Bd8 11. dxe5 dxe5 12. Be3 Na6 13. g4 Qg6 14. Ng3 Bc2 15.
Qd6 Qf7 16. Qd2 Bg6 17. Qe2 Bb6 18. O-O Bd4 19. Nce4 Rad8 20. Rac1 Rfe8 21. a3
Nxe4 22. Nxe4 Bxe4 23. Bxe4 Nc5 24. Bb1 Ne6 25. b3 Qf6 26. Rcd1 Nf4 27. Qf3 Rf8
28. Bxf4 Qxf4 29. Qxf4 Rxf4 30. Kg2 Rdf8 31. f3 g6 32. Be4 R4f7 {=} 33. b4 Rc7
34. Rd3 Kg7 35. g5 Rf4 36. Rh1 h6 37. h4 h5 38. a4 a6 39. Kg3 Rf8 40. Rb1 Kh7
41. a5 Ra8 42. Kg2 Kg7 43. Ra3 Rd8 44. Kg3 Rdd7 45. b5 cxb5 46. cxb5 Bc5 47.
Rab3 Bd4 48. bxa6 bxa6 49. Rb6 Bxb6 50. Rxb6 Rc1 51. Re6 Rd2 52. Rxe5 Rg1+ 53.
Kf4 Rh1 54. Re6 Rxh4+ 55. Ke5 Ra2 56. Rxg6+ Kf7 57. Rxa6 Rxe4+ 58. Kxe4 h4 59.
Rf6+ Ke7 60. a6 h3 61. Rh6 h2 62. Kf5 Ra5+ 63. Kg4 Rxa6 64. Rxh2 Ra4+ 65. f4
1-0

[Event "4NCL/Div3/NWE2 vs. SLO2"]
[Site "West Bromwich ENG"]
[Date "2002.11.09"]
[Round "1.4"]
[White "Tarifa, Alket"]
[Black "Hague, Ben"]
[Result "1/2-1/2"]
[WhiteElo "2159"]
[BlackElo "2233"]
[PlyCount "147"]
[EventDate "2002.11.09"]

1. e4 g6 2. Bc4 Bg7 3. Qf3 e6 4. c3 c5 5. d3 Ne7 6. h4 d5 7. Bb3 Nbc6 8. Bf4 h6
9. Na3 a6 10. Qe2 b5 11. Rc1 Bb7 12. f3 c4 13. Bc2 b4 14. Nb1 bxc3 15. bxc3
cxd3 16. Bxd3 Ne5 17. exd5 Nxd3+ 18. Qxd3 Nxd5 19. Bd2 O-O 20. c4 {=} Ne7 21.
Qxd8 Rfxd8 22. Be3 Rac8 23. Ne2 Nf5 24. Bb6 Rd3 25. Kf2 Bf8 26. Nf4 Rd7 27. g4
Ne7 28. Rhe1 Rc6 29. Be3 e5 30. Nd5 Nxd5 31. cxd5 Rxc1 32. Rxc1 Rxd5 33. Rc7
Rb5 34. Nc3 Rb2+ 35. Kg3 Kg7 36. Rd7 Rc2 37. Nd1 Bc6 38. Rd8 Be7 39. Rc8 Bd6
40. Nf2 Rc3 41. Nd1 Rc2 42. g5 hxg5 43. hxg5 Bb4 44. Bf2 Bd2 45. Ne3 Rc3 46.
Rc7 Kf8 47. Nd1 Rxf3+ 48. Kh4 Bd5 49. Bg3 Be6 50. Nf2 Bxg5+ 51. Kxg5 Rxg3+ 52.
Kh4 Ra3 53. Kg5 Rxa2 54. Ne4 Rh2 55. Kf6 Ke8 56. Nc5 Kd8 57. Nxe6+ fxe6 58. Ra7
Ra2 59. Kxe5 a5 60. Rg7 a4 61. Kd6 Ke8 62. Kxe6 Kf8 63. Rxg6 a3 64. Rg1 Rd2 65.
Ra1 a2 66. Ke5 Ke7 67. Ke4 Kd6 68. Ke3 Rh2 69. Kd3 Kc5 70. Kc3 Rh3+ 71. Kb2 Kb4
72. Rxa2 Rh2+ 73. Kb1 Rxa2 74. Kxa2 1/2-1/2

[Event "4NCL/Div3/NWE2 vs. SLO2"]
[Site "West Bromwich ENG"]
[Date "2002.11.09"]
[Round "1.5"]
[White "Hulmes, David I"]
[Black "de Coverly, Roger"]
[Result "1-0"]
[WhiteElo "2136"]
[BlackElo "2113"]
[PlyCount "95"]
[EventDate "2002.11.09"]

1. e4 e5 2. Nf3 Nc6 3. Bb5 a6 4. Ba4 Nf6 5. O-O Be7 6. Re1 b5 7. Bb3 d6 8. c3
O-O 9. h3 h6 10. d4 Re8 11. Nbd2 Bf8 12. Bc2 Bd7 13. b3 g6 14. Bb2 Bg7 15. d5
Ne7 16. c4 c5 17. dxc6 Nxc6 18. Bd3 b4 19. Nf1 Rf8 20. Ne3 Ne8 21. Qd2 Ra7 22.
Rad1 Bc8 23. Bb1 Qa5 24. Nd5 Rb7 25. Nh2 f5 26. exf5 gxf5 27. f4 Qc5+ 28. Kh1
a5 29. Nf1 Rbf7 30. Re2 Be6 31. Qe1 Nc7 32. Nxc7 Rxc7 33. Qf2 e4 34. Bxg7 Rxg7
35. Red2 Qxf2 36. Rxf2 Rd8 37. Rfd2 Rgd7 38. Ne3 Ne7 39. g4 Kf7 40. Kh2 Kf6 41.
gxf5 Bxf5 42. Rd4 d5 43. cxd5 Rd6 44. Bxe4 Bxe4 45. Rxe4 Nxd5 46. Red4 Ke6 47.
f5+ Ke5 48. Nc4+ 1-0

[Event "4NCL/Div3/NWE2 vs. SLO2"]
[Site "West Bromwich ENG"]
[Date "2002.11.09"]
[Round "1.6"]
[White "Armstrong, Malcolm J"]
[Black "Savory, Richard J"]
[Result "1/2-1/2"]
[WhiteElo "2151"]
[BlackElo "2099"]
[PlyCount "76"]
[EventDate "2002.11.09"]

1. d4 d5 2. Nf3 Nf6 3. e3 c6 4. Bd3 Nbd7 5. Nbd2 e6 6. b3 Bd6 7. Bb2 O-O 8. O-O
Qe7 9. Ne5 c5 10. f4 a6 11. a4 b6 12. g4 Bb7 13. g5 Ne4 14. Bxe4 dxe4 15. Nxd7
Qxd7 16. Nc4 Qc7 17. Nxd6 Qxd6 18. dxc5 Qxd1 19. Rfxd1 bxc5 20. Rd7 Bc6 21. Rd6
Rfc8 22. Kf2 Rab8 {=} 23. Be5 Ra8 24. h4 Be8 25. h5 Rd8 26. Rxd8 Rxd8 27. Bc3
f6 28. h6 fxg5 29. fxg5 gxh6 30. gxh6 Rd5 {=} 31. Rg1+ Bg6 32. Rg4 Rh5 33. Bg7
Rh2+ 34. Rg2 Rxg2+ 35. Kxg2 Bh5 36. c3 {=} Bd1 37. b4 Bxa4 38. Kg3 cxb4 1/2-1/2

[Event "4NCL/Div3/NWE2 vs. SLO2"]
[Site "West Bromwich ENG"]
[Date "2002.11.09"]
[Round "1.7"]
[White "Gillibrand, John"]
[Black "Keevil, Paul"]
[Result "1/2-1/2"]
[WhiteElo "2054"]
[BlackElo "2132"]
[PlyCount "30"]
[EventDate "2002.11.09"]

1. e4 e5 2. Nf3 Nc6 3. Bc4 Bc5 4. d3 h6 5. c3 Nf6 6. b4 Bd6 7. Nbd2 Ne7 8. Qb3
O-O 9. Nf1 c6 10. Ng3 b5 11. d4 bxc4 12. Qxc4 Ng6 13. h4 exd4 14. Nf5 Nxe4 15.
Qxd4 Qf6 1/2-1/2

[Event "4NCL/Div3/NWE2 vs. SLO2"]
[Site "West Bromwich ENG"]
[Date "2002.11.09"]
[Round "1.8"]
[White "Ball, Yasmin"]
[Black "Bradley, Karen"]
[Result "1/2-1/2"]
[WhiteElo "1408"]
[BlackElo "1416"]
[PlyCount "97"]
[EventDate "2002.11.09"]

1. e4 e6 2. d4 d5 3. exd5 exd5 4. c4 Nf6 5. Nc3 Be7 6. Nf3 O-O 7. Be2 dxc4 8.
O-O Be6 9. Ng5 Bf5 10. Bxc4 Bg6 11. f4 Nc6 12. d5 Na5 13. Be2 h6 14. f5 Bh7 15.
Nxh7 Nxh7 16. Qd4 b6 17. Qg4 Bg5 18. Bxg5 Qxg5 19. Qxg5 Nxg5 20. h4 Nh7 21. Ba6
Rfb8 22. Nb5 c6 23. Nc7 cxd5 24. Nxa8 Rxa8 25. b4 Nc4 26. Bxc4 dxc4 27. b5 Nf6
28. Rac1 Rc8 29. Rf4 c3 30. Rd4 Rc5 31. a4 Nd5 32. Kf2 Kf8 33. Re4 Nf6 34. Rd4
Rxf5+ 35. Ke3 Rc5 36. Kd3 Nd5 37. g3 Ke7 38. Rc4 Rxc4 39. Kxc4 Ne3+ 40. Kxc3
Nf5 41. Re1+ Kd6 42. Rf1 Ke6 43. Rf3 f6 44. Kb4 g5 45. h5 Ng7 46. g4 f5 47.
gxf5+ Nxf5 48. a5 g4 49. Rf4 1/2-1/2